| 000 | 00548nam a2200205 a 4500 | ||
|---|---|---|---|
| 005 | 20240806064211.0 | ||
| 008 | 080207s2003 mx r 000 0 spa d | ||
| 020 | _a9508081465 | ||
| 035 | _aUPN01000154115 | ||
| 049 | _aCG | ||
| 050 | 4 |
_aBF175 _bS2.2 2003 |
|
| 100 | 1 | _aSafouan, Moustapha | |
| 245 | 1 | 3 |
_aEl acto analítico / _cMoustapha Safouan. |
| 250 | _a2a ed. | ||
| 260 |
_aRosario, Arg. : _bHomo Sapiens, _c2003. |
||
| 300 | _a107 p. | ||
| 440 | 3 |
_aLa clínica en los bordes ; _v14 |
|
| 650 | 4 |
_aPsicoanálisis _91572 |
|
| 905 | _aLibro | ||
| 999 |
_c126232 _d126232 |
||